| 000 | 01217nam a22003017a 4500 | ||
|---|---|---|---|
| 003 | OSt | ||
| 005 | 20140310181741.0 | ||
| 008 | 010314s2001 maua 000 0 eng | ||
| 010 | _a 2001022610 | ||
| 020 | _a1580625312 | ||
| 040 |
_aDLC _cDLC _dDLC |
||
| 043 | _an-us--- | ||
| 050 | 0 | 0 |
_aE 178 _b.H723 2001 |
| 082 | 0 | 0 |
_aTR 973 _bOb2 2001 |
| 100 | 1 |
_aOberlin, Loriann Hoff, _d1961- _91831 |
|
| 245 | 1 | 4 |
_aThe everything American history book : _bpeople, places, and events that shaped our nation / _cLoriann Hoff Oberlin. |
| 260 |
_aAvon, Mass. : _bAdams Media, _cc2001. |
||
| 300 |
_ax, 306 p. : _bcol. : ill. ; _c24 cm. |
||
| 500 | _aIncludes index. | ||
| 521 | _aFaculty | ||
| 541 | _j1 | ||
| 562 | _e1 | ||
| 651 | 0 |
_aUnited States _xHistory. _91832 |
|
| 651 | 0 |
_aUnited States _xHistory _vMiscellanea. _91833 |
|
| 906 |
_a7 _bcbc _corignew _d1 _eocip _f20 _gy-gencatlg |
||
| 942 |
_2lcc _cBK-TR _kTR |
||
| 999 |
_c2775 _d2775 |
||